1251 1560 1109 1258 1007 1018 1402 1933 1564 1157 1208 1634 1682 1957 1620 1448 1537 1244 1259 1017 1730 1850 1288 1217 1492 1195 1184 1566 1444 1598 1819 1935 1053 1001 1681 1580 1055 1541 1211 1195 1132 1404 1219 1182 1492 1727 1827 1667 1840 1193 1688 1931 1202 1085 1230 1117 1672 1679 1491 1555 1642 1294 1944 1348 1629 1303 1314 1058 1705 1931 1426 1297 1568 1990 1838 1042 1827 1949 1296 1554 1839 1241 1090 1670 1443 1731 1648 1968 1004 1274 1501 1323 1653 1096 1569 1875 1508 1560 1414 BCNSPRNW ULIB Ver.6.0+V

เปลี่ยนเป็นภาษาไทย

Change to English
 แสดงรายละเอียดบรรณานุกรม
  กลับหน้าหลัก

Brief Record : Get Marc (ISO 2709) : E-mail record : QR code < ปิดหน้าต่าง
LEADER : 00000nam 2200000uu 4500
001    13399121514
003     ULIB
008    121122s2549||||th 000 0 tha d
020    ^a9749510127
060 04 ^aWC100^bธ131ร 2549
245 00 ^aโรคติดเชื้อที่ปรากฏขึ้นใหม่และโรคติดเชื้อที่ปรากฏขึ้นอีก 4=^bEmerging and reemerging infectious diseases 4 /^cบรรณาธิการ ธนะพันธ์ พิบูลย์บรรณกิจ ... [และคนอื่นๆ]
246 31 ^aEmerging and reemerging infectious disease 4
250    ^aพิมพ์ครั้งที่ 1
260    ^aกรุงเทพฯ :^bสมาคมโรคติดเชื้อแห่งประเทศไทย,^c2549
300    ^axvi, 390 หน้า ;^c21 ซม.
650  7 ^aโรคติดเชื้อ
650  7 ^aโรคติดต่อ
700 0  ^aธนะพันธ์ พิบูลย์บรรณกิจ,^eบรรณาธิการ
710 2  ^aสมาคมโรคติดเชื้อแห่งประเทศไทย
945    ^p290^l0^i24770
945    ^p290^l0^i15560
995    ^aกัณชพร
999 ^a ใช้งานได้ทุกระบบ
รายการนี้ยังไม่มีแท็ก
คุณยังไม่ได้ล็อกอิน คุณสามารถมีกิจกรรมร่วมกับเว็บไซต์ได้ แต่ต้องล็อกอินก่อน ::
  ล็อกอิน

รายการสื่อสารสนเทศ

ลำดับที่ ประเภท เลขเรียก/บาร์โค้ด สถานที่ สถานะ
1. วิทยาศาสตร์การแพทย์ และสุขภาพ
วิทยาศาสตร์การแพทย์ และสุขภาพ
WC100 ธ131ร 2549  
  Barcode: 24770
ห้องสมุดวิทยาเขตสวรรค์ประชารักษ์
►หนังสือทั่วไป
บนชั้น
2. วิทยาศาสตร์การแพทย์ และสุขภาพ
วิทยาศาสตร์การแพทย์ และสุขภาพ
WC100 ธ131ร 2549 ฉ.2 
  Barcode: 15560
ห้องสมุดวิทยาเขตสวรรค์ประชารักษ์
►หนังสือทั่วไป
บนชั้น

รายการใกล้เคียง
    หัวเรื่อง [โรคติดเชื้อ]
    หัวเรื่อง [โรคติดต่อ]

BibComment


ยังไม่เคยถูกคอมเมนท์

คอมเมนท์ทรัพยากรรายการนี้
  คอมเมนท์: โรคติดเชื้อที่ปร..


 Copyright 2026. Bcnsprnw @Library